01985agaaa2200301 45000010005000000030009000050050017000140070009000310080040000400400023000800410013001031000052001161300022001682450201001902500022003912600150004133000034005635080224005975110090008215200424009115380016013355460013013516500066013647000065014307000068014957000056015637000064016196449IT-RoPAU20220918181231.0d cvaizq50131s9999||||xx ||| | || ||und|| aIT-RoPAUcIT-RoPAU aITALIANO aHarrison John KentgCodice regista SPICS: 58541 aGIOVANNI PAOLO II aGIOVANNI PAOLO IIcProdotto da: Bernabei L. E M. -- Sceneggiatura: Contaldo Francesco Harrison John Kent -- Diretto da: Harrison John KentpGIOVANNI PAOLO II (Rif. Codice opera principale : H6449) aEdizione Standard a(ITA - USA - POL.)bRAI FICTION - LUX VIDE - GRUPA FILMOWA / Distribuzione: MULTIMEDIA SAN PAOLOg"2005 (1° ed.: 2006 ; Ed. Lingua Orig.: 2005)" aDVDbsonoro, col.c200 minuti a"Fotografia: Lucci Fabrizio; Montaggio: Lucidi A. Van Eeghen; Musica: Frisina Marco; Sceneggiatura: Contaldo Francesco Harrison John Kent; Scenografia: Basile Pier Luigi; Soggetto: Arlanch Francesco -- Basile Salvatore" a"Voight Jon; Elwes Cary; Cromwell James; Lee Christopher; Gazzara Ben; Pecci Daniele" a"FIL TV SULLA VITA DI GIOVANNI PAOLO II. STUDENTE MODELLO, ATTORE DI TALENTO, SPORTIVO APPASSIONATO, INTELLETTUALE SOVVERSIVO, OPERAIO, DRAMMATURGO, POETA, SCRITTORE, FILOSOFO... KAROL WOJTYLA AVREBBE POTUTO FARE QUALSIASI COSA NELLA VITA, MA DIO LHA SCELTO PER ESSERE IL SUO SERVO INUTILE. DIVENTO' PAPA GIOVANNI PAOLO II. CONTENUTI EXTRA: BACKSTAGE; FILMOGRAFIE ESSENZIALI.FILM TRASMESSO TA RAIUNO NEL DICEMBRE 2005." aPAL, STEREO aITALIANO aDRAMMATICO - BIOGeDVD-FILM [DVD]xCodice MATERIA SPICS: 9947 aArlanch Francesco e(soggetto)gCodice Soggetto SPICS: 58279 aBasile Salvatore e(soggetto)gCodice Soggetto 2° SPICS: 58542 aFrisina Marcoe(musica)gCodice Musica SPICS: 38406 aHarrison John Kent e(regista)gCodice regista SPICS: 58541